Score 0/20 Timer 05:00
0 Plays Today
% Correct
Broccoli
89%
Salată Verde
85.1%
Tort
82.1%
Paste
80.4%
Pâine
79.6%
Ananas
78.3%
Ou
76.9%
Zahăr
63.7%
Cartofi Prăjiți
63.3%
Cartof
62.1%
% Correct
Păstârnac
44%
Înghețată
43.4%
Brânză
39.2%
Ciupercă
38.9%
Porumb
36.8%
Măr
36.1%
Șuncă
34.8%
Căpșună
31.3%
Măslină
27%
Strugure
25%
Remove Ads.
Support Sporcle.
Get the best of Sporcle when you Go Orange. This ad-free experience offers more features, more stats, and more fun while also helping to support Sporcle. Thank you for becoming a member.

You're not logged in!

Compare scores with friends on all Sporcle quizzes.
OR
Log In

Show Comments

Extras

Top Quizzes Today


Score Distribution

Your Account Isn't Verified!

In order to create a playlist on Sporcle, you need to verify the email address you used during registration. Go to your Sporcle Settings to finish the process.

Report this User

Report this user for behavior that violates our Community Guidelines.

Details: